Umrisse von allen Mittelmeer-Nationen - Statistiken

Allgemein
  • Dieses Quiz wurde 212 mal gespielt
  • Das Durchschnittsergebnis liegt bei 19 aus 21
Antwortstatistiken
Bildquiz Antwort % Korrekt
Griechenland
99%
Italien
99%
Spanien
99%
Zypern
99%
Kroatien
98%
Frankreich
97%
Türkei
97%
Marokko
95%
Ägypten
94%
Israel
92%
Algerien
91%
Malta
90%
Tunesien
90%
Libyen
89%
Monaco
88%
Bosnien und Herzegowina
85%
Montenegro
85%
Albanien
84%
Slowenien
82%
Syrien
74%
Libanon
72%
Keine übereinstimmenden Quizze gefunden
Verteilung der Resultate
Anzahl Personen mit jedem Resultat
Perzentil nach korrekt beantworteten Fragen
Ihre Resultats-Entwicklung
Sie haben dieses Quiz noch nicht gespielt